[Event "FICGS rapid A 000235 email"]
[Site "FICGS email"]
[Date "2019.04.01"]
[Round "1"]
[White "Cleto, Dirceu Jr"]
[Black "Munoz Portugal, Guillermo"]
[Result "1/2-1/2"]
[WhiteElo "2226"]
[BlackElo "1995"]
[PlyCount "71"]
[EventDate "2019.??.??"]
[EventType "tourn (rapid)"]
[EventRounds "6"]
[SourceTitle "Corr 2022"]
[Source "ChessBase"]
[SourceDate "2021.10.24"]
[SourceVersion "1"]
[SourceVersionDate "2021.10.24"]
[SourceQuality "1"]

1. e4 c6 2. d4 d5 3. e5 c5 4. dxc5 e6 5. a3 Bxc5 6. b4 Bb6 7. Qg4 Ne7 8. Nf3 Ng6 9. Bb2 Nc6 10. Bd3 h5 11. Qg3 h4 12. Qg4 Nce7 13. Nc3 Nf5 14. Ne2 a5 15. 0-0 Bd7 16. Rfb1 Nh6 17. Qh5 Nf5 18. Qg4 Nh6 19. Qh3 Nf5 20. bxa5 Rxa5 21. a4 Qc7 22. Qg4 h3 23. Bc3 Qc5 24. Rxb6 Qxb6 25. Bxa5 Qxa5 26. Rb1 d4 27. Nexd4 Nxe5 28. Nxe5 Rh4 29. Qd1 Rxd4 30. Nxd7 Qd5 31. Qf1 Kxd7 32. Rb5 Qxg2+ 33. Qxg2 hxg2 34. Bxf5 exf5 35. Rxb7+ Ke6 36. Rb6+ 1/2-1/2

[Event "FICGS rapid A 000235 email"]
[Site "FICGS email"]
[Date "2019.04.01"]
[Round "1"]
[White "Munoz Portugal, Guillermo"]
[Black "Gossmann, Ewald J"]
[Result "0-1"]
[WhiteElo "1995"]
[BlackElo "2089"]
[PlyCount "78"]
[EventDate "2019.??.??"]
[EventType "tourn (rapid)"]
[EventRounds "6"]
[SourceTitle "Corr 2022"]
[Source "ChessBase"]
[SourceDate "2021.10.24"]
[SourceVersion "1"]
[SourceVersionDate "2021.10.24"]
[SourceQuality "1"]

1. d4 Nf6 2. c4 e6 3. Nf3 Bb4+ 4. Nbd2 0-0 5. a3 Be7 6. e4 d5 7. e5 Nfd7 8. Bd3 c5 9. h4 g6 10. Nb3 Nc6 11. 0-0 Bxh4 12. Bh6 Re8 13. Re1 cxd4 14. Qd2 Be7 15. Nbxd4 Nxd4 16. Nxd4 Nc5 17. Rad1 Bd7 18. Qf4 Nxd3 19. Rxd3 dxc4 20. Rh3 Rf8 21. Rc1 Rc8 22. Nf3 f5 23. Bxf8 Bxf8 24. Rxc4 Rc6 25. Qd4 Qc8 26. Rxc6 Bxc6 27. Qxa7 Bd5 28. Qe3 Qc2 29. Qd2 Qc7 30. Rh4 h6 31. Rd4 Qd8 32. Ne1 Bg7 33. Nd3 Qc7 34. Nf4 Qxe5 35. Rd3 Bc4 36. Rd7 Qxb2 37. Qxb2 Bxb2 38. a4 Ba6 39. Nxe6 Bc3 0-1

[Event "FICGS W-ch st1 gN 01 email"]
[Site "FICGS email"]
[Date "2018.03.02"]
[Round "1"]
[White "Markus, Roland"]
[Black "Munoz Portugal, Guillermo"]
[Result "1/2-1/2"]
[WhiteElo "2186"]
[BlackElo "2175"]
[PlyCount "52"]
[EventDate "2018.??.??"]
[EventType "tourn (corr)"]
[EventRounds "6"]
[SourceTitle "Corr 2022"]
[Source "ChessBase"]
[SourceDate "2021.10.24"]
[SourceVersion "1"]
[SourceVersionDate "2021.10.24"]
[SourceQuality "1"]

1. Nc3 d5 2. d4 Nf6 3. Bf4 a6 4. e3 e6 5. g4 Bb4 6. Nge2 0-0 7. a3 Be7 8. Rg1 c5 9. h4 Nc6 10. g5 Nd7 11. h5 cxd4 12. exd4 b5 13. Rg3 Nb6 14. b3 b4 15. axb4 Bxb4 16. Bg2 a5 17. Kf1 Ba6 18. Kg1 Ne7 19. Bh3 Re8 20. Bd2 Nc6 21. Bf4 Ra7 22. g6 fxg6 23. Bg5 Qb8 24. hxg6 h6 25. Bf4 Qd8 26. Re3 Qh4 1/2-1/2

[Event "FICGS W-ch st2 g01 email"]
[Site "FICGS email"]
[Date "2017.07.19"]
[Round "1"]
[White "Munoz Portugal, Guillermo"]
[Black "Fric, Lubos"]
[Result "1/2-1/2"]
[WhiteElo "2140"]
[BlackElo "2218"]
[PlyCount "50"]
[EventDate "2017.??.??"]
[EventType "tourn (corr)"]
[EventRounds "8"]
[SourceTitle "Corr 2022"]
[Source "ChessBase"]
[SourceDate "2021.10.24"]
[SourceVersion "1"]
[SourceVersionDate "2021.10.24"]
[SourceQuality "1"]

1. e4 e5 2. Nf3 Nc6 3. Bc4 Bc5 4. d3 Nf6 5. c3 d6 6. 0-0 0-0 7. a4 a6 8. Nbd2 Ne7 9. Re1 Ng6 10. Nf1 c6 11. Bb3 h6 12. h3 d5 13. d4 exd4 14. e5 Ne4 15. cxd4 Bb4 16. Re2 a5 17. Ng3 Nxg3 18. fxg3 Bf5 19. Bd2 Qb6 20. Bxb4 Qxb4 21. Bc2 Bxc2 22. Qxc2 Qc4 23. Qd1 Rae8 24. b4 Qxb4 25. Rb1 Qe7 1/2-1/2

[Event "FICGS rapid M 000088 email"]
[Site "FICGS email"]
[Date "2017.07.05"]
[Round "1"]
[White "Munoz Portugal, Guillermo"]
[Black "Jabot, Daniel"]
[Result "1/2-1/2"]
[WhiteElo "2140"]
[BlackElo "2127"]
[PlyCount "102"]
[EventDate "2017.??.??"]
[EventType "tourn (rapid)"]
[EventRounds "6"]
[SourceTitle "Corr 2022"]
[Source "ChessBase"]
[SourceDate "2021.10.24"]
[SourceVersion "1"]
[SourceVersionDate "2021.10.24"]
[SourceQuality "1"]

1. d4 Nf6 2. c4 g6 3. Nf3 Bg7 4. Nc3 0-0 5. e4 d6 6. Be2 e5 7. 0-0 Nc6 8. d5 Ne7 9. Ne1 Nd7 10. f3 a5 11. Be3 f5 12. a3 f4 13. Bf2 g5 14. Rc1 Ng6 15. Nd3 b6 16. b4 axb4 17. axb4 Rf7 18. c5 Bf8 19. cxb6 Nxb6 20. Qb3 Bd7 21. Ra1 Qe8 22. Kh1 h5 23. Ra5 Rb8 24. Rfa1 g4 25. Qd1 Qc8 26. Nb5 g3 27. hxg3 fxg3 28. Bxg3 Bh6 29. Qb3 Bxb5 30. Rxb5 h4 31. Bf2 Kh8 32. Rba5 Qg8 33. Qc2 Nf4 34. Nxf4 Bxf4 35. Bf1 Qg6 36. Ra7 Nxd5 37. Ra8 Rxa8 38. Rxa8+ Kh7 39. Qb3 Ne7 40. Qc4 Bg3 41. Bg1 c6 42. b5 h3 43. gxh3 cxb5 44. Qxb5 Rxf3 45. Qe2 Rf7 46. Qg2 Be1 47. Ra7 Rg7 48. Qxg6+ Nxg6 49. Ba6 Rxa7 50. Bxa7 Kh6 51. Be3+ Kh5 1/2-1/2

[Event "FICGS rapid M 000088 email"]
[Site "FICGS email"]
[Date "2017.07.05"]
[Round "1"]
[White "Ortiz, Clodomiro"]
[Black "Munoz Portugal, Guillermo"]
[Result "1/2-1/2"]
[WhiteElo "2257"]
[BlackElo "2140"]
[PlyCount "84"]
[EventDate "2017.??.??"]
[EventType "tourn (rapid)"]
[EventRounds "6"]
[SourceTitle "Corr 2022"]
[Source "ChessBase"]
[SourceDate "2021.10.24"]
[SourceVersion "1"]
[SourceVersionDate "2021.10.24"]
[SourceQuality "1"]

1. Nf3 Nf6 2. d4 d5 3. c4 e6 4. Nc3 c6 5. Bg5 Nbd7 6. cxd5 exd5 7. e3 h6 8. Bh4 Be7 9. Qc2 0-0 10. Bd3 Re8 11. 0-0 Ne4 12. Bxe4 Bxh4 13. Bh7+ Kh8 14. Nxh4 Qxh4 15. Bd3 Qe7 16. Rfe1 Nb6 17. a3 Be6 18. Rac1 a6 19. h3 Rad8 20. Ne2 Nc8 21. Nf4 Bd7 22. a4 Nd6 23. b4 g5 24. Ne2 Qf6 25. Qd1 g4 26. g3 gxh3 27. Nf4 Rg8 28. Qh5 Bg4 29. Qe5 Qxe5 30. dxe5 Ne4 31. Be2 Bf5 32. Red1 Rg5 33. b5 axb5 34. axb5 Bd7 35. bxc6 bxc6 36. Bf3 Rxe5 37. Nd3 Ree8 38. Bxe4 dxe4 39. Nf4 Bg4 40. Rxd8 Rxd8 41. Rxc6 Rd1+ 42. Kh2 Kg7 1/2-1/2

[Event "FICGS rapid M 000087 email"]
[Site "FICGS email"]
[Date "2017.05.12"]
[Round "1"]
[White "Helmer, Janos"]
[Black "Munoz Portugal, Guillermo"]
[Result "1/2-1/2"]
[WhiteElo "2145"]
[BlackElo "2134"]
[PlyCount "37"]
[EventDate "2017.??.??"]
[EventType "tourn (rapid)"]
[EventRounds "6"]
[SourceTitle "Corr 2022"]
[Source "ChessBase"]
[SourceDate "2021.10.24"]
[SourceVersion "1"]
[SourceVersionDate "2021.10.24"]
[SourceQuality "1"]

1. Nf3 c5 2. c4 Nf6 3. Nc3 g6 4. g3 d5 5. cxd5 Nxd5 6. Bg2 Bg7 7. 0-0 Nc6 8. d4 cxd4 9. Nxd4 Nxd4 10. Nxd5 Bg4 11. Re1 e5 12. Bd2 0-0 13. Bc3 Re8 14. Qd2 Rc8 15. e4 Be6 16. Rad1 Nb5 17. Bb4 Nd4 18. Rc1 Rc6 19. Bc3 1/2-1/2

[Event "FICGS rapid M 000087 email"]
[Site "FICGS email"]
[Date "2017.05.12"]
[Round "1"]
[White "Kireev, Sergey Ivanovich"]
[Black "Munoz Portugal, Guillermo"]
[Result "1/2-1/2"]
[WhiteElo "2197"]
[BlackElo "2134"]
[PlyCount "137"]
[EventDate "2017.??.??"]
[EventType "tourn (rapid)"]
[EventRounds "6"]
[SourceTitle "Corr 2022"]
[Source "ChessBase"]
[SourceDate "2021.10.24"]
[SourceVersion "1"]
[SourceVersionDate "2021.10.24"]
[SourceQuality "1"]

1. e4 c5 2. Nf3 d6 3. d4 cxd4 4. Nxd4 Nf6 5. Nc3 a6 6. Be3 e5 7. Nb3 Ng4 8. Bd2 Nf6 9. Bg5 Be6 10. f4 exf4 11. Bxf4 Nc6 12. Nd4 Qb6 13. Nxe6 fxe6 14. Qd3 Qxb2 15. Rb1 Qa3 16. Rxb7 Nd7 17. Be2 Nc5 18. Qc4 Be7 19. 0-0 0-0 20. Rc7 Rxf4 21. Rxf4 Ne5 22. Qd4 Bd8 23. Rf8+ Kxf8 24. Qxd6+ Kg8 25. Rxc5 Nf7 26. Qc6 g6 27. Nd1 Ra7 28. Rc3 Qxa2 29. Rf3 Re7 30. Rf1 a5 31. Ne3 Qb2 32. Kh1 Qb4 33. Bd3 Qb6 34. Qxb6 Bxb6 35. Nc4 Bd8 36. Ra1 Ra7 37. g3 Kg7 38. Kg2 Bc7 39. Kf3 Kf6 40. Ke3 Ne5 41. Nxe5 Kxe5 42. Rb1 a4 43. Bc4 Ra5 44. Ba2 Kd6 45. Rb7 a3 46. Kd3 Kc6 47. Rb1 Kd7 48. Rb3 g5 49. Ke3 g4 50. Kd3 Kc6 51. Rb4 h5 52. Rb1 Be5 53. c3 Kd7 54. Rb6 Bd6 55. Kc2 Re5 56. Kd3 Bc5 57. Rb5 Kd6 58. Rb1 Ba7 59. Bc4 Ra5 60. Ba2 Ke5 61. Ke2 Kxe4 62. Bxe6 Ke5 63. Bc4 Kf6 64. Ra1 Bb8 65. Kd3 h4 66. Kc2 hxg3 67. hxg3 Bxg3 68. Rg1 Be5 69. Rxg4 1/2-1/2

[Event "FICGS rapid M 000087 email"]
[Site "FICGS email"]
[Date "2017.05.12"]
[Round "1"]
[White "Munoz Portugal, Guillermo"]
[Black "Jabot, Daniel"]
[Result "1/2-1/2"]
[WhiteElo "2134"]
[BlackElo "2096"]
[PlyCount "62"]
[EventDate "2017.??.??"]
[EventType "tourn (rapid)"]
[EventRounds "6"]
[SourceTitle "Corr 2022"]
[Source "ChessBase"]
[SourceDate "2021.10.24"]
[SourceVersion "1"]
[SourceVersionDate "2021.10.24"]
[SourceQuality "1"]

1. d4 Nf6 2. Nf3 d5 3. c4 e6 4. Nc3 c6 5. Bg5 h6 6. Bxf6 Qxf6 7. e3 Nd7 8. Bd3 dxc4 9. Bxc4 g6 10. 0-0 Bg7 11. e4 e5 12. d5 0-0 13. h3 Rd8 14. Qe2 Nb6 15. Bb3 Bd7 16. Rad1 Rac8 17. Rfe1 Qe7 18. dxc6 Bxc6 19. a3 Rxd1 20. Rxd1 Rd8 21. Rxd8+ Qxd8 22. h4 Bd7 23. Qd2 Qf6 24. Qc2 Bg4 25. Nh2 Bd7 26. Nd5 Qd6 27. g3 Be6 28. Nxb6 Qxb6 29. Bxe6 Qxe6 30. Nf3 Bf6 31. Qc7 Qc6 1/2-1/2

[Event "FICGS rapid A 000197 email"]
[Site "FICGS email"]
[Date "2016.12.27"]
[Round "1"]
[White "Munoz Portugal, Guillermo"]
[Black "Romano, Jacopo"]
[Result "1-0"]
[WhiteElo "2027"]
[BlackElo "2032"]
[PlyCount "67"]
[EventDate "2016.??.??"]
[EventType "tourn (rapid)"]
[EventRounds "6"]
[SourceTitle "Corr 2022"]
[Source "ChessBase"]
[SourceDate "2021.10.24"]
[SourceVersion "1"]
[SourceVersionDate "2021.10.24"]
[SourceQuality "1"]

1. e4 c5 2. Nf3 d6 3. d4 cxd4 4. Nxd4 Nf6 5. Nc3 a6 6. Bg5 Nbd7 7. Bc4 e6 8. f4 Qb6 9. Bxf6 Nxf6 10. Bb3 e5 11. Ba4+ Bd7 12. Bxd7+ Nxd7 13. Nde2 Rc8 14. Nd5 Qxb2 15. 0-0 Qa3 16. Ng3 g6 17. Rb1 b5 18. Kh1 Rc4 19. f5 Be7 20. Qd2 Qc5 21. Qh6 Bf8 22. Qg5 h6 23. Qd2 Be7 24. c3 Bg5 25. Qe2 h5 26. fxg6 fxg6 27. Qd3 h4 28. Ne2 Rf8 29. Rxf8+ Nxf8 30. Rf1 Nh7 31. a4 Bd8 32. axb5 Qxb5 33. Qf3 Qb7 34. h3 1-0

[Event "FICGS W-ch st1 g03 email"]
[Site "FICGS email"]
[Date "2016.11.02"]
[Round "1"]
[White "Cabrera Trujillo, Claudio Tomas"]
[Black "Munoz Portugal, Guillermo"]
[Result "0-1"]
[WhiteElo "1456"]
[BlackElo "2027"]
[PlyCount "70"]
[EventDate "2016.??.??"]
[EventType "tourn (corr)"]
[EventRounds "8"]
[SourceTitle "Corr 2022"]
[Source "ChessBase"]
[SourceDate "2021.10.24"]
[SourceVersion "1"]
[SourceVersionDate "2021.10.24"]
[SourceQuality "1"]

1. c4 e5 2. Nc3 Nf6 3. Nf3 Nc6 4. g3 d5 5. cxd5 Nxd5 6. Bg2 Nb6 7. 0-0 Be7 8. d3 Be6 9. Be3 0-0 10. b3 f6 11. Ne4 Nd5 12. Nc5 Bf7 13. Qc1 Qc8 14. Bd2 b6 15. Ne4 Qd7 16. Qb2 Rad8 17. Rac1 a5 18. a3 Nd4 19. Nxd4 exd4 20. Qxd4 Bxa3 21. Ra1 Bb4 22. Qb2 c5 23. Rfc1 Qe6 24. Re1 h6 25. Bxb4 axb4 26. Ra6 Nc7 27. Ra7 Nb5 28. Ra6 Nd4 29. Rb1 Rfe8 30. e3 Nxb3 31. Qc2 f5 32. Nd2 Nxd2 33. Qxd2 f4 34. e4 Qd6 35. Bf1 Rxe4 0-1